PRINCIPLES OF CONTEMPORARY CORPORATE GOV (Record no. 28666)
[ view plain ]
| 000 -LEADER | |
|---|---|
| fixed length control field | 00414nam a2200145Ia 4500 |
| 008 - FIXED-LENGTH DATA ELEMENTS--GENERAL INFORMATION | |
| fixed length control field | 240624s9999 xx 000 0 und d |
| 041 ## - LANGUAGE CODE | |
| Language code of text/sound track or separate title | eng |
| 082 ## - DEWEY DECIMAL CLASSIFICATION NUMBER | |
| Classification number | 658.408 PLE |
| 100 ## - MAIN ENTRY--PERSONAL NAME | |
| Personal name | PLESSIS JEAN JACQUES DU |
| 245 ## - TITLE STATEMENT | |
| Title | PRINCIPLES OF CONTEMPORARY CORPORATE GOV |
| 250 ## - EDITION STATEMENT | |
| Edition statement | (3rd ed.) |
| 260 ## - PUBLICATION, DISTRIBUTION, ETC. | |
| Date of publication, distribution, etc. | 2015 |
| Place of publication, distribution, etc. | United Kingdom |
| Name of publisher, distributor, etc. | Cambridge University Press |
| 300 ## - PHYSICAL DESCRIPTION | |
| Extent | xxxvii, : 563 : p. : cm. ; 24 |
| 365 ## - TRADE PRICE | |
| Currency code | BPS |
| Price amount | 30 |
| Withdrawn status | Lost status | Damaged status | Not for loan | Home library | Current library | Shelving location | Date acquired | Source of acquisition | Cost, normal purchase price | Full call number | Barcode | Date last seen | Copy number | Price effective from | Koha item type |
|---|---|---|---|---|---|---|---|---|---|---|---|---|---|---|---|
| IMTN | IMTN | Rack 31-B | 04/27/2017 | BWN | 60.00 | 658.408 PLE | 28666 | 06/24/2024 | 84.4 | 06/24/2024 | Books |